Analýza kategorizovaných dat v sociologii

Gespeichert in:
Bibliographische Detailangaben
1. Verfasser: Řehák, Jan
Weitere Verfasser: Řeháková, Blanka
Format: Buch
Sprache:Tschechisch
Veröffentlicht: Praha Academia 1986
Tags: Tag hinzufügen
Keine Tags, Fügen Sie das erste Tag hinzu!

MARC

LEADER 00000nam a2200000 4500
001 c106109
005 20041019155136.2
041 0 |a cze 
044 |a CZ 
245 1 0 |a Analýza kategorizovaných dat v sociologii  |c Jan Řehák, Blanka Řeháková 
264 1 |a Praha  |b Academia  |c 1986 
300 |a 397 s. 
100 1 |a Řehák, Jan 
700 1 |a Řeháková, Blanka